Fundamental forces of nature : (Record no. 29851)

000 -LEADER
fixed length control field 00449 a2200157 4500
003 - CONTROL NUMBER IDENTIFIER
control field NUST
005 - DATE AND TIME OF LATEST TRANSACTION
control field 20180118122754.0
008 - FIXED-LENGTH DATA ELEMENTS--GENERAL INFORMATION
fixed length control field 180118b xxu||||| |||| 00| 0 eng d
020 ## - INTERNATIONAL STANDARD BOOK NUMBER
International Standard Book Number 9812706453
020 ## - INTERNATIONAL STANDARD BOOK NUMBER
International Standard Book Number 9789812706454
082 ## - DEWEY DECIMAL CLASSIFICATION NUMBER
Classification number 530
100 1# - MAIN ENTRY--PERSONAL NAME
Personal name Huang, Kerson.
9 (RLIN) 8654
245 10 - TITLE STATEMENT
Title Fundamental forces of nature :
Remainder of title the story of gauge fields /
Statement of responsibility, etc. Kerson Huang.
260 ## - PUBLICATION, DISTRIBUTION, ETC.
Place of publication, distribution, etc. [S.l.] :
Name of publisher, distributor, etc. World Scientific Publishing Company,
Date of publication, distribution, etc. 2007.
300 ## - PHYSICAL DESCRIPTION
Extent 284 p. ;
Dimensions 23 cm.
700 ## - ADDED ENTRY--PERSONAL NAME
Personal name Huang, Kerson.
9 (RLIN) 8654
942 ## - ADDED ENTRY ELEMENTS (KOHA)
Institution code [OBSOLETE] SNS
Koha item type Book
Call number prefix 530 HUA
Source of classification or shelving scheme
Holdings
Withdrawn status Lost status Damaged status Not for loan Permanent Location Current Location Date acquired Total Checkouts Full call number Barcode Date last seen Date last checked out Price effective from Koha item type
        School of Natural Sciences (SNS) School of Natural Sciences (SNS) 05/26/2016 1 530 HUA SNS0001439 01/30/2019 01/28/2019 05/26/2016 Book
© 2023 Central Library, National University of Sciences and Technology. All Rights Reserved.